000 00313nam a22001337a 4500
020 _a978-9380995199
041 _aENG
100 _aPrasad.K.D
245 _aSoil Conservation & Organic Farming
260 _aNew Delhi
_bEnkay Publishing House
_c2013
300 _a264
650 _aSWCE
856 _uSWCE ( 43 )
999 _c1933
_d1933